Premier League 400 Club - Statistics

General Stats
  • This quiz has been taken 1,815 times
    175 since last reset
  • The average score is 19 of 47
Answer Stats
Apps Most Apps For Answer % Correct
609 Chelsea Frank Lampard
91%
504 Liverpool Steven Gerrard
88%
441 Newcastle United Alan Shearer
87%
632 Manchester United Ryan Giggs
86%
653 Aston Villa Gareth Barry
83%
645 Liverpool James Milner
83%
499 Manchester United Paul Scholes
83%
491 Manchester United Wayne Rooney
74%
508 Liverpool Jamie Carragher
73%
492 Chelsea John Terry
72%
478 Manchester United Phil Neville
71%
400 Manchester United Gary Neville
70%
414 Andy Cole
66%
504 Manchester United Rio Ferdinand
61%
444 Liverpool Jordan Henderson
57%
501 Stoke City Peter Crouch
48%
415 Manchester United David De Gea
43%
418 Tottenham Hotspur Teddy Sheringham
43%
496 Tottenham Hotspur Jermaine Defoe
42%
572 Liverpool David James
41%
443 Chelsea Petr Čech
39%
481 Manchester United Michael Carrick
35%
Manchester United Nicky Butt
32%
414 West Ham United Mark Noble
31%
503 Tottenham Hotspur Sol Campbell
30%
516 Leicester City Emile Heskey
29%
451 Newcastle United Shay Given
29%
485 Manchester United Ashley Young
28%
420 Everton Leighton Baines
28%
411 Chelsea Gary Cahill
27%
535 Newcastle United Gary Speed
25%
401 Bolton Wanderers Kevin Nolan
25%
423 Manchester City Kyle Walker
24%
450 Blackburn Rovers Brad Friedel
22%
514 Middlesbrough Mark Schwarzer
21%
413 Bolton Wanderers Kevin Davies
17%
426 Aston Villa Gareth Southgate
13%
455 Newcastle United Aaron Hughes
11%
428 West Brom Ben Foster
10%
465 Manchester United John O'Shea
10%
431 Manchester City Richard Dunne
10%
453 Bolton Wanderers Jussi Jääskeläinen
9%
416 Tottenham Hotspur Aaron Lennon
8%
West Ham United Scott Parker
8%
469 Manchester City Sylvain Distin
7%
409 Southampton James Ward-Prowse
6%
483 Middlesbrough Stewart Downing
4%
No matching quizzes found
Score Distribution
Percent of People with Each Score
Percentile by Number Answered
Your Score History
You have not taken this quiz since the last reset